000 00845nam a2200265 a 4500
001 23600
003 BD-RjUL
005 20211209000941.0
008 140311s1970 ii b 001 0 eng d
035 _a(BD-RjUL)23665
040 _aLC
_beng
_cLC
_dBD-RjUL
041 _aeng
082 0 4 _219
_a842.914
_bSES 1970
100 1 _aSen, Supti,
_d1942-
_972649
245 1 0 _aSamuel Beckett: his mind and art /
_cSupti Sen.
250 _a1st ed.
260 _aCalcutta :
_bFirma K. L. Mukhopadhyay,
_c1970.
300 _avi, 214 p. ;
_c22 cm.
500 _aOriginally presented as the author's thesis, Calcutta University, 1965.
504 _aBibliography: p. [204]-212. and index.
600 1 0 _aBeckett, Samuel,
_d1906-1989
_xCriticism and interpretation.
_972661
942 _2ddc
_cBK
999 _c23600
_d23600